00422nam a2200157Ia 4500008004100000020001500041041001200056082001100068100001800079245007600097250000800173260003900181300000800220650001900228700001700247221030s9999 xx 000 0 und d a8129709783 aEnglish a105.23 aC. H. Edwards 0aDifferential Equations & Boundary Value Problems - Computing & Modeling a4th bPearson EdcuationaNew Delhic2005 a801 aBE Mathematics aD. E. Penney